000
00305nam a22001337a 4500
008
180920b xxu||||| |||| 00| 0 eng d
020
_a
9780691114156
041
_a
eng
080
_a
712
100
_a
45
101
_a
ART
245
_a
The metropolitan Museum Of Art
_c
Bruttel.R.R
942
_2
udc
_c
BK
999
_c
48139
_d
48139